Practical Electronics for Inventors / (Record no. 17444)

MARC details
000 -LEADER
fixed length control field 00607cam a22002058i 4500
001 - CONTROL NUMBER
control field 17634733
005 - DATE AND TIME OF LATEST TRANSACTION
control field 20130430135854.0
008 - FIXED-LENGTH DATA ELEMENTS--GENERAL INFORMATION
fixed length control field 130222s2013 nyu 000 0 eng
010 ## - LIBRARY OF CONGRESS CONTROL NUMBER
LC control number 2012045581
020 ## - INTERNATIONAL STANDARD BOOK NUMBER
International Standard Book Number 9780071771337 (alk. paper)
082 00 - DEWEY DECIMAL CLASSIFICATION NUMBER
Classification number 621.381
Edition number 23
Item number SCH
100 1# - MAIN ENTRY--PERSONAL NAME
Personal name Scherz, Paul.
9 (RLIN) 33138
245 10 - TITLE STATEMENT
Title Practical Electronics for Inventors /
Statement of responsibility, etc Paul Scherz .
250 ## - EDITION STATEMENT
Edition statement Third edition /
Remainder of edition statement Paul Scherz, Simon Monk.
300 ## - PHYSICAL DESCRIPTION
Extent 1014 p. :
Other physical details ill. ;
Dimensions 29 cm.
650 #0 - SUBJECT ADDED ENTRY--TOPICAL TERM
Topical term or geographic name as entry element Electronics
Form subdivision Textbooks.
9 (RLIN) 33139
653 ## - INDEX TERM--UNCONTROLLED
Resource For college
Arrived date list April2013
700 1# - ADDED ENTRY--PERSONAL NAME
Personal name Monk, Simon.
9 (RLIN) 33140
942 ## - ADDED ENTRY ELEMENTS (KOHA)
Source of classification or shelving scheme Dewey Decimal Classification
Item type Book - Borrowing
Holdings
Withdrawn status Item status Source of classification or shelving scheme Materials specified (bound volume or other part) Damaged status Not for loan Vendor Home library Current library Shelving location Date acquired Source of acquisition Cost, normal purchase price Serial Enumeration / chronology Total Checkouts Full call number Barcode Date last seen Cost, replacement price Koha item type Total Renewals Date last borrowed
  Lost Dewey Decimal Classification Lost In Inventory_2015-8-23     Baccah Central Library Central Library First floor 30/04/2013   250.00 17664   621.381 SCH 000028705 23/06/2013 315.00 NB - Book (Non borrowing)    
    Dewey Decimal Classification       Baccah Central Library Central Library First floor 30/04/2013   250.00 17664 4 621.381 SCH 000028706 15/07/2025 315.00 Book - Borrowing 29 27/07/2015